000 00578nam a2200181Ia 4500
008 090123s9999 xx 000 0 und d
082 _b37362
100 _aपारगांवकर सुबोध
245 _aनिवडणूक झूम
250 _a1
260 _bप्रतिमा प्रकाशन
_c2004
300 _a80
600 _aपारगांवकर सुबोध
630 _aनिवडणूक झूम
700 _aपारगांवकर सुबोध
730 _aनिवडणूक झूम
942 _cBOOK
999 _c75430
_d75430